000 00258nam a22001217a 4500
020 _a0-8306-6794-6
082 _a621.381 HAL'M
100 _aHALLMARK, C. L
_976433
245 _aMICROELECTRONIC
260 _aUSA
_bTAB
_c1967
300 _a265P
942 _cBK
999 _c581832
_d581832